| 000 | 00848cam a22002531 4500 | ||
|---|---|---|---|
| 001 | 1222541 | ||
| 003 | OSt | ||
| 005 | 20170105101210.0 | ||
| 008 | 720107r19621948nyua b 000 0 eng | ||
| 010 | _a 61018134 | ||
| 040 |
_aDLC _cDLC _dDLC |
||
| 050 | 0 | 0 |
_aHM251 _b.K634 1962 |
| 082 | 0 | 0 | _a301.15 |
| 100 | 1 | _aKrech, David. | |
| 240 | 1 | 0 | _aTheory and problems of social psychology |
| 245 | 1 | 0 |
_aIndividual in society; _ba textbook of social psychology, _cby David Krech, Richard S. Crutchfield, and Egerton L. Ballachey. |
| 260 |
_aNew York, _bMcGraw-Hill, _c1962. |
||
| 300 |
_a564 p. _billus. _c24 cm. |
||
| 500 | _aPublished in 1948 under title: Theory and problems of social psychology. | ||
| 504 | _aIncludes bibliography. | ||
| 650 | 0 | _aSocial psychology. | |
| 906 |
_a7 _bcbc _corignew _du _eocip _f19 _gy-gencatlg |
||
| 942 |
_2ddc _cBK |
||
| 999 |
_c3174 _d3174 |
||